| 000 | 00821cam a2200253 a 4500 | ||
|---|---|---|---|
| 001 | 000006430 | ||
| 005 | 20200929153929.0 | ||
| 008 | 830516s1982 mx 000 0 spa | ||
| 020 | _a9684342373 | ||
| 040 |
_aDO-SdBNP _cDLC _dDLC |
||
| 082 |
_aM863.3 _bP419v |
||
| 100 | 1 |
_aPeón y Contreras, José, _d1843-1907. _917852 |
|
| 245 | 1 | 0 |
_aVeleidosa / _cJosé Peón y Contreras. |
| 260 |
_aMéxico, D. F. : _bPremia, _c1982. |
||
| 300 |
_a99 p. ; _c21 cm. |
||
| 490 | 1 |
_aLa Matraca ; _vno. 4 |
|
| 490 | 1 | _aPublicaciones y Bibliotecas Cultura Sep. | |
| 500 | _a"Del folletín a los cristeros..." | ||
| 650 | 4 |
_aNovela mexicana _93959 |
|
| 650 | 4 |
_aLiteratura mexicana _91922 |
|
| 830 | 0 |
_aPublicaciones y Bibliotecas Cultura Sep. _917853 |
|
| 830 | 0 |
_pLa Matraca ; _vno. 4 _917675 |
|
| 910 | _aCatalogación por copia / LC | ||
| 999 |
_c6225 _d6225 |
||